Statistics for Literal Translations of German City Names

Click here to take the quiz!

General Stats

  • This quiz has been taken 46 times
  • The average score is 12 of 20

Answer Stats

Literal English Meaning German City % Correct
Frank FordFrankfurt
98%
Bathing BathingBaden-Baden
86%
EatingEssen
83%
Man HomeMannheim
79%
He FordErfurt
71%
Saar BridgesSaarbr├╝cken
69%
Wupper ValleyWuppertal
69%
Free FortressFreiburg
64%
HallHalle
64%
Charles's RestKarlsruhe
57%
Brown Be Silent!Braunschweig
52%
ConstancyKonstanz
52%
Rain's FortressRegensburg
52%
There MouthDortmund
50%
New MinsterNeum├╝nster
45%
Frederick's HarborFriedrichshafen
43%
Intestine CityDarmstadt
40%
Open CreekOffenbach
38%
Salt GridSalzgitter
38%
Maid's FortressMagdeburg
33%

Score Distribution

Percentile by Number Answered

Percent of People with Each Score

Your Score History

You have not taken this quiz